000 00623nam a2200229Ia 4500
003 OSt
005 20220928110014.0
006 a|||||r|||| 00| 0
007 ta
008 220927b |||||||| |||| 00| 0 eng d
024 _a61635
037 _cTextual
040 _aSDCL
_cSDCL
_beng
041 _2eng
_aeng
082 _aO152,3N:g, L7
100 _aBandivadaker Chandrakant
_9417727
245 0 _aUpananayas
_bStithi aur gati.
260 _aDelhi
_bPoorvadya Prakashan
300 _a417p.
_ccm.
942 _hO152,3N:g, L7
_cTEXL
_2CC
999 _c733718
_d733718